Masia Mariona : l'univers Patxot / Parc Natural del Montseny l'univers Patxot / Parc Natural del Montseny
Publicado:
Barcelona :
Diputació de Barcelona. Àrea d'Espais Naturals. Xarxa de Parcs Naturals ; Girona : Diputació de Girona ,
2010
Descripción Física:
1 tríptic ; 21 cm
Colección:
Equipaments culturals
Otros Autores:
Patxot i Jubert, Rafael
MARC
| LEADER | 00000nam a2200000Ia 4500 | ||
|---|---|---|---|
| 001 | 23264 | ||
| 008 | 160829s2010 xx 000 0 cat d | ||
| 080 | |a FU-59-75 | ||
| 245 | |a Masia Mariona : |b l'univers Patxot / Parc Natural del Montseny | ||
| 260 | |a Barcelona : |b Diputació de Barcelona. Àrea d'Espais Naturals. Xarxa de Parcs Naturals ; Girona : |b Diputació de Girona, |c 2010 | ||
| 300 | |a 1 tríptic ; |c 21 cm | ||
| 490 | |a Equipaments culturals | ||
| 590 | |a A continuació de Parc Natural del Montseny: reserva de la biosfera | ||
| 610 | 0 | |a Parc Natural del Montseny (Catalunya) |9 10461 | |
| 650 | |a Patxot i Jubert, Rafael |9 49101 | ||
| 700 | |a Patxot i Jubert, Rafael |9 49101 | ||
| 710 | 1 | |a Barcelona (Catalunya : Província). |b Xarxa de Parcs Naturals |9 7250 | |
| 710 | 1 | |a Girona (Catalunya : Província). |b Diputació |9 11479 | |
| 710 | |a Barcelona (Catalunya : Província). |b Àrea d'Espais Naturals |9 9050 | ||
| 901 | |a Arxiu | ||
| 942 | |n 1 | ||
| 952 | |0 0 |1 0 |4 0 |6 FU5975 |7 1 |9 55094 |a Arxiu |b Arxiu |d 2011-09-23 |l 0 |o FU-59-75 |p 23264 |r 2016-12-01 00:00:00 |w 2016-12-01 |y ARXIU | ||
| 999 | |c 58966 |d 58966 | ||